000 01036cam a2200301 4500
001 M1437
008 090401t1993 xxu||||| |||| 00| 0 eng d
035 _a(Sirsi) u31983
041 _aeng
050 _a690.0285
090 _aRICS 1993/61A
110 _aRoyal Institution of Chartered Surveyors
_94900
245 2 _aA computer based tool for estimating the implications of construction demand: final report.
260 _aLondon
_bRICS
_c1993
300 _a(87)p. ; 30cm.
350 _a0
520 _aContains confidential material - NOT TO BE PHOTOCOPIED - all enquiries to Gordon Napier in Quantity Surveyors Division.
650 _aBUILDING INDUSTRY
650 _aCOMPUTERS
650 _aCONSTRUCTION DEMAND
650 _aFORECASTS
690 _aMANAGEMENT-BUSINESS MANAGEMENT-INFORMATION MANAGEMENT
710 _aUniversity of Reading
_bCentre for Strategic Studies in Construction
_986
710 _aCambridge Econometrics
_92154
710 _aGardiner and Theobald
_9719
942 _n0
948 _c04/03/1997
999 _c89654
_d89654